Innovative redesign and reorganization of library technical services : (Record no. 122883)

MARC details
000 -LEADER
fixed length control field 00888nam a22002537a 4500
003 - CONTROL NUMBER IDENTIFIER
control field 0
005 - DATE AND TIME OF LATEST TRANSACTION
control field 20180804114130.0
008 - FIXED-LENGTH DATA ELEMENTS--GENERAL INFORMATION
fixed length control field 0
010 ## - LIBRARY OF CONGRESS CONTROL NUMBER
LC control number B-168452
020 ## - INTERNATIONAL STANDARD BOOK NUMBER
Terms of availability 1100.00
International Standard Book Number 9781591580928
035 ## - SYSTEM CONTROL NUMBER
System control number B-168452, B-168453
037 ## - SOURCE OF ACQUISITION
Source of stock number/acquisition Cen Lib/Ret
040 ## - CATALOGING SOURCE
Original cataloging agency DPL
Language of cataloging EN
Transcribing agency 0
082 ## - DEWEY DECIMAL CLASSIFICATION NUMBER
Classification number 025.02
Item number INN
245 ## - TITLE STATEMENT
Title Innovative redesign and reorganization of library technical services :
Statement of responsibility, etc edited by Bradford Lee Eden
Remainder of title pathes for the future and case studies /
260 ## - PUBLICATION, DISTRIBUTION, ETC. (IMPRINT)
Place of publication, distribution, etc Westport
Name of publisher, distributor, etc Libraries Unlimited
Date of publication, distribution, etc 2005
270 ## - ADDRESS
Address Libraries Unlimited, 88 Post Road West Westport CT 06881
City Westport
300 ## - PHYSICAL DESCRIPTION
Extent xii, 480p.
Dimensions 22cm (pbk)
500 ## - GENERAL NOTE
General note Includes index
650 ## - SUBJECT ADDED ENTRY--TOPICAL TERM
Topical term or geographic name as entry element Technical services (libraries)-management
9 (RLIN) 2868
650 ## - SUBJECT ADDED ENTRY--TOPICAL TERM
Topical term or geographic name as entry element Technical services (libraries)-case studies
9 (RLIN) 2869
700 ## - ADDED ENTRY--PERSONAL NAME
Personal name Eden,Bradford Lee
9 (RLIN) 2364
942 ## - ADDED ENTRY ELEMENTS (KOHA)
Source of classification or shelving scheme Dewey Decimal Classification
Koha item type English Books
Classification part 025.02
Call number suffix INN
Holdings
Withdrawn status Lost status Damaged status Not for loan Collection code Home library Current library Date acquired Source of acquisition Cost, normal purchase price Total Checkouts Full call number Barcode Date last seen Copy number Cost, replacement price Price effective from Koha item type Source of classification or shelving scheme
      Not For Loan Reference Central Library Central Library 30/05/2015 Cen Lib/Ret 1100.00   025.02 INN B-168452 30/05/2015 1 1100.00 30/05/2015 English Books  
        Non-fiction Patel Nagar Patel Nagar 04/08/2018 BPPD/PUB 1100.00   025.02 INN B-168453 04/08/2018   1100.00 04/08/2018 English Books Dewey Decimal Classification

© Delhi Public Library
Hit Counter
free hit counter